000 00704pam a2200241 a 4500
001 2976063
005 20171221035912.0
008 920131s1992 nyu b 001 0 eng c
010 _a 92006217
020 _a0669276715
040 _aDNLM/DLC
_cDLC
_dDLC
041 _aeng
060 _aWM 270 C67753m
080 _a616.860019 COH
082 0 0 _a616.860019 COH
_220
100 1 _a3
101 _aSHM
245 1 4 _aThe mentally ill chemical abuser :
_cJacqueline Cohen, Stephen Jay Levy.
504 _aIncludes bibliographical references (p. 211-221) and index.
906 _a7
_bcbc
_corignew
_d1
_eocip
_f19
_gy-gencatlg
942 _2ddc
_cBK
999 _c39263
_d39263